Механические испытания пластмасс: пер. с англ.

Bibliographic Details
Main Author: Тернер С.
Language:Russian
Published: Москва, Машиностроение, 1979
Subjects:
Format: Book
KOHA link:https://koha.lib.tpu.ru/cgi-bin/koha/opac-detail.pl?biblionumber=73261

MARC

LEADER 00000nam0a2200000 4500
001 73261
005 20231031084221.0
035 |a (RuTPU)RU\TPU\book\78156 
090 |a 73261 
100 |a 20050212d1979 k y0rusy50 ca 
101 0 |a rus  |c eng 
102 |a RU 
105 |a a z 001zy 
200 1 |a Механические испытания пластмасс  |e пер. с англ.  |f С. Тернер 
210 |a Москва  |c Машиностроение  |d 1979 
215 |a 175 с.  |c ил. 
320 |a Библиогр. в конце глав 
610 1 |a пластмассы 
610 1 |a испытания 
610 1 |a прочность 
675 |a 678.5.017  |v 3 
700 1 |a Тернер  |b С. 
801 1 |a RU  |b 63413507  |c 20050212  |g PSBO 
801 2 |a RU  |b 63413507  |c 20201029  |g PSBO 
942 |c BK